Ecological economics and the ecology of economics: essays in criticism (Record no. 40694)

MARC details
000 -LEADER
fixed length control field 00656nam a2200169 a 4500
008 - FIXED-LENGTH DATA ELEMENTS--GENERAL INFORMATION
fixed length control field 081223s1999 ||||||||||||||||| || u
020 ## - INTERNATIONAL STANDARD BOOK NUMBER
International Standard Book Number 1840641096
050 ## - LIBRARY OF CONGRESS CALL NUMBER
Classification number HC 79.E5 Dal
100 ## - MAIN ENTRY--PERSONAL NAME
Personal name Daly, Herman E
245 10 - TITLE STATEMENT
Title Ecological economics and the ecology of economics: essays in criticism
Statement of responsibility, etc. Herman E. Daly
260 ## - PUBLICATION, DISTRIBUTION, ETC.
Place of publication, distribution, etc. Cheltenham, UK:
Name of publisher, distributor, etc. Edward Elgar
Date of publication, distribution, etc. 1999
300 ## - PHYSICAL DESCRIPTION
Extent xiv, 191p.
350 ## - PRICE (NR) (BK AM CF MU VM SE) [OBSOLETE]
Price 0.00
650 #0 - SUBJECT ADDED ENTRY--TOPICAL TERM
Topical term or geographic name entry element ECONOMICS
650 ## - SUBJECT ADDED ENTRY--TOPICAL TERM
Topical term or geographic name entry element ECONOMIC POLICY--ENVIRONMENTAL ASPECTS
995 ## - RECOMMENDATION 995 [LOCAL, UNIMARC FRANCE]
-- 0.00
-- CBU-MAIN LIBRARY (Kitwe)
-- 1
-- 0.00
-- 1
-- AVAILABLE
-- Feb 16, 2009
-- Main Library Open Access Collection
Holdings
Withdrawn status Lost status Source of classification or shelving scheme Damaged status Not for loan Home library Current library Shelving location Date acquired Total Checkouts Full call number Barcode Date last seen Price effective from Koha item type
          CBU-MAIN LIBRARY, KITWE. CBU-MAIN LIBRARY, KITWE.   11/30/2022   HC 79.E5 Dal 739555 11/30/2022 11/30/2022 MONOGRAPH